| 000 | 01119nam0a22002891 4500 | ||
|---|---|---|---|
| 001 | rc\1163752 | ||
| 005 | 20041129085123.6 | ||
| 035 | _a(NLR Aleph) 006407676 | ||
| 090 |
_a5312535 _c5312535 |
||
| 100 | _a20041129d1980 u |0rusy50 ca | ||
| 101 | 0 | _arus | |
| 102 | _aRU | ||
| 105 | _aa ||||||||| | ||
| 200 | 1 |
_aСправочник по технической акустике _f[Х.Г. Дистель, К. Гайке, Р. Герлих и др.] _gПеревод с нем. Б.Д. Виноградова, Н.М. Колоярцева _gПод ред. М. Хекла, Х.А. Мюллера |
|
| 210 |
_aЛ. _cСудостроение _d1980 |
||
| 215 |
_a438 с. _cил. _d22 |
||
| 300 | _aПеревод изд.: Taschenbuch der technischen Akustik (Berlin etc., 1975) | ||
| 300 | _aАвт. указаны на 428-й с. | ||
| 320 | _aБиблиогр. в конце глав | ||
| 320 | _aПредм. указ.: с. 423-427 | ||
| 701 | 1 |
_aДистель _bХ. Г. |
|
| 702 | 1 |
_aХекл _bМ. _4340 |
|
| 801 | 0 |
_aRU _bNLR _gpsbo |
|
| 801 | 1 |
_aRU _bELAR _2rusmarc |
|
| 852 |
_aNLR _j81-5/695 |
||
| 942 | _cBOOK | ||
| 980 | _aNB | ||